Obnovitelné zdroje energie

Gespeichert in:
Bibliographische Detailangaben
Format: Buch
Sprache:Tschechisch
Veröffentlicht: Praha : FCC, 2001
Ausgabe:2. upr. a dopl. vyd.
Schlagworte:
Tags: Tag hinzufügen
Keine Tags, Fügen Sie das erste Tag hinzu!

MARC

LEADER 00000nam a22000003a 4500
001 stu112476
005 20230512111640.0
008 060303s2001----xr------------------cze-d
040 |a STU  |b slo 
041 0 |a cze 
044 |a xr 
080 |a 620.97 
245 |a Obnovitelné zdroje energie 
250 |a 2. upr. a dopl. vyd. 
260 |a Praha :  |b FCC,  |c 2001 
300 |a 208 s 
650 7 |a energia-zdroje  |2 stusub 
650 7 |a ekológia  |2 stusub 
996 |b 284EK86058  |c E*86058  |l EE0101  |s P  |a 0  |w stu112476_0001 
996 |b 284EK89559  |c E* 89559  |l EE01  |s A  |a 24  |w stu112476_0002